Authorizing the Postmaster General to withhold the awarding of Star-Route Contracts for a period of 60 days.

Bibliographic Details
Corporate Authors: United States. Congress. Senate. Committee on Post Office and Civil Service, ProQuest (Firm)
Format: eBook
Language:English
Published: Washington : [publisher not identified], 1948.
Series:United States congressional serial set.
Subjects:
Online Access:Connect to the full text of this electronic book

MARC

Tag First Indicator Second Indicator Subfields
LEADER 00000cam a22000001a 4500
001 in00003080913
005 20190403180629.0
006 m o d
007 cr un mmmapmmp
008 080310s1948 dcu o f000 0 eng d
035 |a cis2004227749 
040 |a UMI  |c UMI  |d UtOrBLW 
043 |a n-us--- 
099 |a ProQuest Serial Set Number 11206 S.rp.1112 
110 1 |a United States.  |b Congress.  |b Senate.  |b Committee on Post Office and Civil Service. 
245 1 0 |a Authorizing the Postmaster General to withhold the awarding of Star-Route Contracts for a period of 60 days. 
246 1 |a Postmaster General to withhold awarding of star-route contracts for period of 60 days 
264 1 |a Washington :  |b [publisher not identified],  |c 1948. 
300 |a 1 online resource. 
336 |a text  |b txt  |2 rdacontent 
337 |a computer  |b c  |2 rdamedia 
338 |a online resource  |b cr  |2 rdacarrier 
490 0 |a S.rp.1112 
500 |a Record is based on bibliographic data in ProQuest U.S. Serial Set Digital Collection (last viewed Mar. 2008). Reuse except for individual research requires license from ProQuest, LLC. 
510 3 |a ProQuest U.S. Serial Set Digital Collection 
500 |a Electronic resource. 
610 1 0 |a United States.  |b Postmaster General. 
650 0 |a Postal service. 
655 7 |a Electronic books.  |2 local 
710 2 |a ProQuest (Firm) 
830 0 |a United States congressional serial set. 
856 4 0 |u http://proxy.library.tamu.edu/login?url=http://congressional.proquest.com/congcomp/getdoc?SERIAL-SET-ID=11206+S.rp.1112  |z Connect to the full text of this electronic book  |t 0 
999 |a MARS 
999 f f |s 9ce7a4d7-cc90-393d-8591-76a2f2167d51  |i 3d0d4f05-c1ae-36c7-9723-f3729206f2f8  |t 0 
952 f f |a Texas A&M University  |b College Station  |c Electronic Resources  |d Available Online  |t 0  |e ProQuest Serial Set Number 11206 S.rp.1112  |h Other scheme 
998 f f |a ProQuest Serial Set Number 11206 S.rp.1112  |t 0  |l Available Online